000 00706nam a22001937a 4500
003 OSt
005 20251121105305.0
008 251121b |||||||| |||| 00| 0 eng d
020 _a621.3 G446t 2007
040 _aDWC-Main lib
_cOC
082 _aCirc. 614.12 C764 1995
100 _aBenenson, A.
245 _aControl of communicable diseases manual, 16th edition
_cBenenson, Abraham S.
260 _aWashington :
_bAmerican Public Health Association,
_cc1995
300 _axxvi, 577 pages :
_c17 cm.
504 _aIncludes index
650 _2Communicable diseases - prevention - periodicals
942 _2ddc
_cBK-CIRC
_e16th edition
_hCirc. 614.12 C764 1995
_kCirc.
_n0
999 _c5978
_d5978